00341nam a2200169Ia 4500003000900000008004100009040001300050040001300063041000800076100001500084245002400099250001200123260001000135260000900145300001000154490000700164IT-RoPAU120407s9999 xx 000 0 und d aIT-RoPAU cIT-RoPAU aita aEnzo Biagi aStoria del fascismo aFirenze aSadea c1964 c31 cm v13